000 00570nam a2200193Ia 4500
008 131103s9999 xx 000 0 und d
020 _a81 243 0364 9
_cRs.60.00
040 _aLoreto College
041 _aEnglish
082 _aREF/INDIA/KHA
_bLCBED/12341
100 _aKhandpur, Swarn
245 2 _aA vision of India
_b Gujrat, Daman & Diu, Dadra & nagar Haveli
_cSwarn Khandpur
260 _aAhmadabad
_bNavneet
_c1998
300 _a48p.
_b ill.
_c 25cm.
650 _aHistory - India
651 _aIndia - History
850 _aLCBED/REF/INDIA /KHA
942 _cBK
999 _c30740
_d81219